Normal view
MARC view
- Coral reefs and islands
Entry Topical Term
001 - CONTROL NUMBER
- control field: 49883
003 - CONTROL NUMBER IDENTIFIER
- control field: NUST
005 - DATE AND TIME OF LATEST TRANSACTION
- control field: 20210314134451.0
008 - FIXED-LENGTH DATA ELEMENTS
- fixed length control field: 210314|| aca||aabn | a|a d
040 ## - CATALOGING SOURCE
- Original cataloging agency: NUST
- Transcribing agency: NUST
150 ## - HEADING--TOPICAL TERM
- Topical term or geographic name entry element: Coral reefs and islands
670 ## - SOURCE DATA FOUND
- Source citation: Work cat.: (NUST): Darwin, Charles, 49882, On the structure and distribution of Coral reefs, [18--?]
